Statistics for Name a colour in these country's flag #2

Click here to take the quiz!

General Stats

  • This quiz has been taken 68 times
  • The average score is 11 of 14

Answer Stats

CountryColours% Correct
Bangladeshred and green
96%
Chinared and yellow
96%
Armeniared, blue and orange
94%
Djiboutigreen, blue, white and red
90%
Guineared, green and yellow
88%
Barbadosblue, yellow and black
86%
Icelandred, white and blue
86%
Israelblue and white
80%
Lebanonred, white and green
76%
Micronesiablue and white
65%
Naurublue, yellow and white
61%
Omanred, white and green
53%
Saint Luciablue, white, yellow and black
45%
Solomon islandsgreen, blue, white and yellow
39%

Score Distribution

Percentile by Number Answered

Percent of People with Each Score

Your Score History

You have not taken this quiz